MDQL
is popping MORE tags! Check the
thread
!
Quizzes
Events
Quiz Creation
Community
Videos
Private Events
Remove Ads
Sign In
Join for FREE
Feedback
Dark Mode
Quiz Categories
Sports
Geography
Music
Movies
Television
Just For Fun
Miscellaneous
History
Literature
Language
Science
Gaming
Entertainment
Religion
Holiday
For Kids
Quiz Lab
Recent
Popular Today
Quiz Kudos Today
Editor Picks
Curator Picks
Quizzes by...
Day
Popularity
Type
Ratings
Length
Year
Community
Subscriptions
Recent Discussions
Orange Saloon
Badges
Playlists
Quests
Create
Leaderboards
Showdown
Live 5
Trivia Bingo
Activity
Puzzle Library
Sporcle Events
Private Events
Virtual Trivia
Globe League
Become a Host
Pub Owners
SporcleCon
Opinionation
Our Games
Videos
Blog
Mobile Apps
Partnerships
Remove Ads and Go Orange
Feedback
Music
Pop Music
The Beatles
Song
Album
Lyrics
Bands
Singers
Artist
Clip
Rock
Rap
Classical
Billboard
Country Music
Kpop
Taylor Swift
Music
Pop Music
The Beatles
Song
Album
Lyrics
Bands
Singers
Artist
Clip
Rock
Rap
Classical
Billboard
Country Music
Kpop
Taylor Swift
Random Quiz
Search Sporcle
×
Quiz Lab
Quiz Lab
Music
Walk
Type in answers that appear in a list
Type in answers that appear in a list
Classic
Best Score? Go Orange.
'You'll Never Walk Alone' Lyrics Stats
Can you name the words to 'You'll Never Walk Alone' by Rodgers and Hammerstein?
By
kingtorres
4m
70 Questions
190 Plays
190 Plays
190 Plays
Comments
Comments
Give Quiz Kudos
Give Quiz Kudos
-
- Ratings
hide this ad
Replay
Link that replays current quiz
Next Quiz
Link to next quiz in quiz playlist
You Got
0%
They Got
Avg Score
84%
Avg Friend Score
Upgrade to see
Score Distribution
Jump to the score distribution portion of the page
Score
0/70
Timer
04:00
0
Plays Today
Word
% Correct
you
99.5%
walk
99.5%
Walk
99.5%
Walk
99.5%
Walk
99.5%
walk
99.5%
walk
99.5%
walk
99.5%
a
97.9%
And
97.9%
the
97.9%
the
97.9%
the
97.9%
a
97.9%
And
97.9%
the
97.9%
a
97.9%
the
97.9%
and
97.9%
And
97.9%
When
95.8%
your
94.2%
your
94.2%
your
94.2%
through
90%
storm
90%
storm
90%
through
90%
through
90%
on
88.4%
on
88.4%
on
88.4%
on
88.4%
alone
88.4%
alone
88.4%
Word
% Correct
never
87.4%
never
87.4%
of
85.3%
of
85.3%
of
85.3%
high
84.7%
you'll
84.7%
You'll
84.7%
be
83.2%
be
83.2%
up
82.6%
the rain
82.1%
don't
80.5%
afraid
80%
in
80%
dark
78.9%
heart
77.4%
At
75.8%
With
75.8%
hope
74.2%
end
73.7%
wind
73.7%
sweet
71.1%
golden
70%
silver
70%
dreams
70%
lark
66.8%
sky
65.3%
song
63.2%
tossed
61.1%
Though
57.4%
blown
54.7%
Is
48.4%
Keep
46.8%
chin
33.7%
Quiz Playlist
Details
Report
Send in Message
Add To Playlist
Classic:
Type in answers that appear in a list
Last Updated: Mar 21, 2020
Quiz Scoreboard
CHALLENGE
Sign Up to Join the Scoreboard
Show All
Scores
Hide
Comments
May contain spoilers
Recently Published
5x2 Blitz: Bands
by SL_Kpop136
Music
30s
Colored Red Africa Blitz
by spor1
Geography
30s
Find the 'City' Movie
by crazypaving
Movies
60s
More to Explore
Quiz From the Vault
Featured Blog Post
14 Easter Pick-up Lines to Find Eggs With
hide this ad
You Might Also Like...
Tags
alone
Never
Walk
Today's Top Quizzes in Music
Browse Music
hide this ad
Today's Top Quizzes in Walk
Browse Walk
Top Contributed Quizzes in Music
1
5X2 Blitz: Bands II
2
Taylor Swift Logic Puzzle II
3
Taylor Swift All Songs (2024)
4
5X2 Blitz: The Beatles
5
5X2 Blitz: Billboard
6
5X2 Blitz: Singers
7
5X2 Blitz: Album
8
5X2 Blitz: Rock
9
Music Artist by Three 2010s hits
10
5X2 Blitz: Billboard II
Explore More
Trending Topics
Disney
Marvel
Crossword
NBA
Harry Potter
Kpop
Anime
Pokémon
WWE
The Office
Country
Song
Soccer
NFL
Puzzle
hide this ad
More By:
kingtorres
Quiz
Plays
Rating
Category
Featured
Created
European Countries by COLOURS AND NUMBERS
3,496
3.52
Geography
Jan 8, 2011
Barcelona Vs Real Madrid
2,175
4.14
Sports
Oct 27, 2010
Victorious - Main Characters
1,545
Television
Oct 2, 2010
Liverpool FC top 10 goalscorers
1,423
4.00
Sports
Apr 11, 2010
Capital Cities of the World A-Z
854
3.91
Geography
Feb 13, 2011
Go to Creator's Profile
Score Distribution
Quiz Creator Spotlight
kingtorres
Follow
Send a Message
Quizzes Created
-
Created Quiz Play Count
-
More By This Creator
Popular Quizzes Today
1
Find the 'City' Movie
2
Colored Red Africa Blitz
3
Find the US States - No Outlines Minefield
4
5x2 Blitz: Bands
5
The Countries of the World
6
Find the US States
7
US States
8
9x9 Crossword: Cartoon Network
More Music Quizzes
Tic-Tac-Trivia: Music
Published
Trending Quizzes
Colored Red Europe Blitz I
Colored Red Africa Blitz II
Colored Red Europe Blitz II
Colored Red Africa Blitz III
Colored Red Europe Blitz III
Recently Updated
Famous TV Couples
Peacemaker
Champions League XIs: Real Madrid
pecheneg
Largest US Cities 1790-2010
pecheneg
Rides in Walt Disney World
pecheneg
Most Oscar Losses (Acting)
pecheneg
Beyoncé Albums
pecheneg
Leaping Animals
pecheneg
Reality TV Shows (A-Z)
bhenderson79
Rickey Henderson's Hall of Fame Teammates
pecheneg
Champions League XIs: Arsenal
pecheneg
Trending Topics
Disney
Kpop
Harry Potter
NBA
Marvel
Anime
Crossword
The Office
Pokémon
Song
WWE
Puzzle
Soccer
NFL
Country
Your Account Isn't Verified!
In order to create a playlist on Sporcle, you need to verify the email address you used during registration. Go to your
Sporcle Settings
to finish the process.
Report this User
Report this user for behavior that violates our
Community Guidelines
.
Details:
Send Report
Go to the Sporcle.com Mobile Site →
Comments